000 00910nam a2200349Ia 4500
005 20260514124431.0
008 008 261405s9999 xx 000 0 eng d
037 _aThesis
040 _aCRL
040 _beng
040 _cCRL
041 _2eng
041 _aeng
084 _qCRL
100 _aDr.Abhinav Kumar
_91240009
245 0 _aTo Study the Efficacy of Fluticasone Propionate Ointment 0.005% in Childhood Lichen Planus -an Observational Study.
260 _aDelhi
260 _bUniversity of Delhi
260 _c2016
300 _a100p.
502 _bPh.D.
502 _cUniversity of Delhi
502 _d2016
541 _oThesis
650 _aDermatology
_91240010
700 _aDr.Ram Chander
700 _aDr.Shilpi Agarwal
_91239662
700 _aDr.Vibhu Mendiratta
_91239583
710 _aDermatology
_91240011
942 _cTH
999 _c1851885
_d1851885